Chân dung những nhà cải cách giáo dục tiêu biểu trên thế giới . ST /

Sách giới thiệu 12 nhà giáo dục nổi tiếng như Fukuzawa Yukichi, nhà canh tân giáo dục Nhật Bản thời Minh Trị; Emile Durkheim, nhà tư tưởng giáo dục người Pháp; nhà giáo dục và triết gia Mỹ John Dewey; nhà cải cách giáo dục Trung Quốc Thái Nguyên Bồi; nhà tư tưởng giáo dục Italia Maria Montessori. Đâ...

全面介绍

Đã lưu trong:
书目详细资料
企业作者: Alphabooks
格式: 图书
出版: Hà Nội : Tri thức , 2007.
主题:
标签: 添加标签
没有标签, 成为第一个标记此记录!
Thư viện lưu trữ: Mạng thư viện Đại học Đà Nẵng
LEADER 01438nam a22003131a 4500
001 000039269
003 15564
005 20210427184255.0
008 160412s2007 000
020 |c 45000 
040 |a lnn 
041 0 |a Vie 
082 0 |a 370  |b CH-D 
110 0 |a Alphabooks 
245 0 0 |a Chân dung những nhà cải cách giáo dục tiêu biểu trên thế giới .  |n ST /  |c Alphabooks. 
260 |a Hà Nội :  |b Tri thức ,  |c 2007. 
300 |a 358 tr. ;  |c 20,5 cm. 
500 |a Bao gồm mục lục 
520 |a Sách giới thiệu 12 nhà giáo dục nổi tiếng như Fukuzawa Yukichi, nhà canh tân giáo dục Nhật Bản thời Minh Trị; Emile Durkheim, nhà tư tưởng giáo dục người Pháp; nhà giáo dục và triết gia Mỹ John Dewey; nhà cải cách giáo dục Trung Quốc Thái Nguyên Bồi; nhà tư tưởng giáo dục Italia Maria Montessori. Đây có thể coi là nguồn tư liệu tham khảo bổ ích về giáo dục. 
650 0 |a Cải cách giáo dục 
OWN |a LNN 
902 |a TKV 
AVA |a UDN50  |b LNN  |d 370 CH-D  |e available  |t Error 5001 Not defined in file expand_doc_bib_avail.  |f 2  |g 0  |h N  |i 0 
999 |a From the UDN01 
AVA |a UDN50  |b LNN  |d 370 CH-D  |e available  |t Error 5001 Not defined in file expand_doc_bib_avail.  |f 2  |g 0  |h N  |i 0 
TYP |a Monograph 
980 |a Mạng thư viện Đại học Đà Nẵng